Municipios de la Serranía/Serrania - Estadísticas

Estadísticas generales
  • Esta prueba ha sido intentada 282 veces
  • La puntuación promedio es 12 de 19
Respuestas en el mapa
Las respuestas están codificadas por una escala verde-roja en el mapa de la prueba según el % correcto abajo.
 
Estadísticas de respuestas
Respuesta % Correcto
Chelva
83%
Aras de los Olmos
79%
Alpuente
72%
Villar del Arzobispo
72%
Domeño
71%
Chulilla
69%
Alcublas
67%
Andilla
67%
Titaguas
66%
Tuéjar
65%
Sot de Chera
64%
Calles
63%
Benagéber
61%
Losa del Obispo
61%
Bugarra
60%
Higueruelas
60%
Gestalgar
57%
Pedralba
55%
la Yesa
51%
No se encontraron pruebas coincidentes
Distribución de puntuación
Porcentaje de gente con cada puntuación
Porcentaje por número respondido
Historial de tus puntuaciones
No has intentado esta prueba.